Sistemas de información contable 3 /
Guardado en:
| Autor Principal: | |
|---|---|
| Formato: | Libro |
| Publicado: |
Buenos Aires :
Macchi,
1998
|
| Materias: | |
| Etiquetas: |
Agregar Etiqueta
Sin Etiquetas, Sea el primero en etiquetar este registro!
|
| LEADER | 01354nam a22002535a 4500 | ||
|---|---|---|---|
| 001 | CEM.cems009704 | ||
| 005 | 20080227114248.0 | ||
| 008 | 130507s1998##################000#0#####d | ||
| 003 | CEMS | ||
| 020 | |a 9505374259 | ||
| 082 | 0 | 4 | |a Z657 |
| 100 | 1 | |a Fernández Durán, Elsa del Carmen Soria de | |
| 245 | 1 | 0 | |a Sistemas de información contable 3 / |c Elsa Del Carmen Soria De |
| 260 | |a Buenos Aires : |b Macchi, |c 1998 | ||
| 300 | |a 239 p. | ||
| 500 | |a Para Polimodal, Nocturno y Terciario | ||
| 505 | 0 | |a Factores del cambio administrativo-contable -- ¿Contabilidad o Sistemas de información contable? -- Las sociedades anónimas -- Otras sociedades -- Asociaciones civiles y fundaciones -- La empresa industrial -- La empresa agropecuaria -- La empresa de servicios -- Inversiones -- Información contable -- Estados contables -- Análisis e interpretación de información contable. | |
| 653 | |a Contablidad | ||
| 653 | |a Sistemas contables | ||
| 859 | |a CEMS |b BIB. CEMS - 11 de abril |h Z657 |i F391-1 |p 19939.98 |t Ej.1 |v 3º |3 3º | ||
| 859 | |a CEMS |b BIB. CEMS - 11 de abril |h Z657 |i F391-1 |p 19940.98 |t Ej.2 |v 3º |3 3º | ||
| 859 | |a CEMS |b BIB. CEMS - 11 de abril |h Z657 |i F391-1 |p 19941.98 |t Ej.3 |v 3º |3 3º | ||
| 859 | |a CEMS |b BIB. CEMS - 11 de abril |h Z657 |i F391-1 |p 20585.99 |t Ej.4 |v 3º |3 3º | ||
| 859 | |a CEMS |b BIB. CEMS - 11 de abril |h Z657 |i F391-1 |p 22850.05 |t Ej.5 |v 3º |3 3º | ||
